|
|
|
|
| LEADER |
00000nab a2200000 a 4500 |
| 001 |
vtls008633726 |
| 003 |
SK-MaSNL |
| 005 |
20260304135639.0 |
| 008 |
250505c2005 xo mr|p|||||||000 b|slo |
| 015 |
|
|
|a SNBRB2006/03
|2 snkbucl
|
| 035 |
|
|
|a (uuid)e8b74ce5-8ec2-44e8-8625-519606bd1827
|
| 035 |
|
|
|a urn:nbn:sk:snk-abwtx
|
| 035 |
|
|
|a (urnnbn)urn:nbn:sk:snk:ar-a03t61
|
| 038 |
|
|
|a SNKBUCL
|
| 040 |
|
|
|a SNKBUCL
|b slo
|c SNKBUCL
|e AACR2
|
| 041 |
0 |
|
|a slo
|b eng
|b slo
|
| 044 |
|
|
|a xo
|c SK
|
| 080 |
|
|
|a 615.277.099
|2 1997
|
| 080 |
|
|
|a 636.09:615.277.099
|2 1997
|
| 080 |
|
|
|a 619:615.277.099
|2 1997
|
| 080 |
|
|
|a 612.174
|2 1997
|
| 080 |
|
|
|a 612.174.019
|2 1997
|
| 100 |
1 |
|
|a Mojžišová, Gabriela,
|d 1954-
|4 aut
|9 11668
|
| 245 |
1 |
0 |
|a Antracyklínová kardiotoxicita u zvierat
|c G. Mojžišová
|
| 546 |
|
|
|a Res. angl., slov.
|
| 650 |
0 |
7 |
|a antracyklínové antibiotiká
|2 snkbucl
|9 84744
|
| 650 |
0 |
7 |
|a antracyklíny
|2 snkbucl
|9 1078011
|
| 650 |
0 |
7 |
|a kardiotoxicita
|2 snkbucl
|9 15512
|
| 773 |
0 |
|
|t Slovenský veterinársky časopis = Slovak veterinary journal
|g Roč. XXX, č. 5 (2005), s. 298-300
|x 1335-0099
|
| 850 |
|
|
|a Slovenská národná knižnica
|
| 852 |
|
|
|a Slovenská národná knižnica
|
| 954 |
|
|
|a odborná, vedecká literatúra pôvodná (slovenská)
|2 lita
|
| 958 |
|
|
|a article27
|
| 958 |
|
|
|a MI
|
| 958 |
|
|
|a OND
|
| 958 |
|
|
|a EUIPO
|
| 999 |
|
|
|c 2911655
|d 2913585
|